[Event "15. Torneo Aficionados Benidorm s-2000"]
[Site "Benidorm ESP"]
[Date "2016.12.09"]
[Round "9.2"]
[White "Cebolla Moll, Ricardo"]
[Black "Kitir, Ahmet"]
[Result "0-1"]
[WhiteElo "1962"]
[BlackElo "1990"]
[PlyCount "92"]
[EventDate "2016.12.02"]
[EventType "swiss"]
[EventRounds "10"]
[EventCountry "ESP"]
[SourceTitle "Ajedrez en Madrid"]
[Source "lmi"]
[SourceDate "2016.12.02"]

1. f4 d5 2. Nf3 Bg4 3. Ne5 Bh5 4. g3 f6 5. Nf3 Nc6 6. Bg2 e5 7. fxe5 fxe5 8. d3
Nf6 9. Bg5 Bc5 10. Nxe5 Nxe5 11. d4 Nf7 12. Bxf6 Qxf6 13. dxc5 Qxb2 14. Nd2 Qd4
15. Nb3 Qxd1+ 16. Kxd1 Ne5 17. Kd2 O-O-O 18. Nd4 Nc4+ 19. Kc3 Rhe8 20. e4 Ne3
21. Bh3+ Bg4 22. Bxg4+ Nxg4 23. exd5 Rxd5 24. h3 Nf2 25. Kc4 Ree5 26. Rhf1
Rxc5+ 27. Kb3 Re3+ 28. Kb2 Rd5 29. Rxf2 Rxd4 30. c3 Rde4 31. Rf8+ Re8 32. Raf1
Rxf8 33. Rxf8+ Kd7 34. Rf7+ Re7 35. Rf3 Kd6 36. Kb3 Kd5 37. g4 Ke6 38. Kc4 Rd7
39. a3 Rf7 40. Rxf7 Kxf7 41. Kd5 Ke7 42. Ke5 Kf7 43. h4 Ke7 44. c4 Kd7 45. Kf5
Kd6 46. Kg5 Ke5 0-1

[Event "15. Torneo Aficionados Benidorm s-2000"]
[Site "Benidorm ESP"]
[Date "2016.12.09"]
[Round "9.3"]
[White "Fernandez Lopez, Alejandro I"]
[Black "Cebrian Flores, Juan Antonio"]
[Result "0-1"]
[WhiteElo "1934"]
[BlackElo "1993"]
[PlyCount "76"]
[EventDate "2016.12.02"]
[EventType "swiss"]
[EventRounds "10"]
[EventCountry "ESP"]
[SourceTitle "Ajedrez en Madrid"]
[Source "lmi"]
[SourceDate "2016.12.02"]

1. e4 c5 2. Nf3 d6 3. d4 cxd4 4. Nxd4 Nf6 5. Nc3 g6 6. Be3 Bg7 7. f3 Nc6 8. Qd2
O-O 9. O-O-O d5 10. Qe1 e5 11. Nxc6 bxc6 12. exd5 Nxd5 13. Bc4 Be6 14. Ne4 Qc7
15. Bc5 Rfd8 16. h4 h6 17. g4 Kh7 18. Ng5+ hxg5 19. hxg5+ Kg8 20. Qh4 Rd6 21.
Qh7+ Kf8 22. Rd3 Rad8 23. Rhd1 Qe7 24. Bb3 Qxg5+ 25. Kb1 e4 26. Bxd6+ Rxd6 27.
fxe4 Qe5 28. c3 Qxe4 29. Bc2 Qxg4 30. Qh2 Rd7 31. Rg3 Nxc3+ 32. bxc3 Rxd1+ 33.
Bxd1 Qxd1+ 34. Kb2 Qd5 35. Ka1 Be5 36. Qh6+ Ke7 37. Qh4+ Ke8 38. Qd8+ Qxd8 0-1

[Event "15. Torneo Aficionados Benidorm s-2000"]
[Site "Benidorm ESP"]
[Date "2016.12.09"]
[Round "9.4"]
[White "Raghav, Srivathsav V"]
[Black "Monllor Garcia, Yolanda"]
[Result "1-0"]
[WhiteElo "1993"]
[BlackElo "1950"]
[PlyCount "93"]
[EventDate "2016.12.02"]
[EventType "swiss"]
[EventRounds "10"]
[EventCountry "ESP"]
[SourceTitle "Ajedrez en Madrid"]
[Source "lmi"]
[SourceDate "2016.12.02"]

1. d4 d5 2. Nf3 Nf6 3. Bf4 e6 4. e3 Bd6 5. Bg3 c6 6. Bd3 Qe7 7. Nbd2 Nbd7 8.
Ne5 c5 9. c3 c4 10. Bc2 Nf8 11. f4 N6d7 12. O-O f5 13. Ndf3 Bxe5 14. fxe5 Ng6
15. h4 h5 16. Ng5 Ndf8 17. e4 dxe4 18. Bxe4 Nh7 19. Nxh7 Rxh7 20. Bf3 Nxh4 21.
Bxh5+ Kd8 22. d5 g5 23. dxe6+ Kc7 24. Qd6+ Qxd6 25. exd6+ Kc6 26. Be8+ Kc5 27.
d7 Bxd7 28. exd7 f4 29. Bf2+ Kd6 30. Rad1+ Kc7 31. Bxa7 Rd8 32. Bd4 Rh6 33.
Be5+ Kc6 34. b3 cxb3 35. axb3 Nf5 36. Rd3 Re6 37. Re1 Ng3 38. c4 b6 39. b4 b5
40. cxb5+ Kxb5 41. Rd5+ Kc4 42. Rd6 Rexe8 43. dxe8=Q Rxe8 44. Rc6+ Kb5 45. Rc5+
Ka6 46. b5+ Kb7 47. Rc7+ 1-0

[Event "15. Torneo Aficionados Benidorm s-2000"]
[Site "Benidorm ESP"]
[Date "2016.12.09"]
[Round "9.5"]
[White "Bote Kobolo, Benjamin"]
[Black "Perez Garcia, Jose Miguel"]
[Result "0-1"]
[WhiteElo "1986"]
[BlackElo "1928"]
[PlyCount "114"]
[EventDate "2016.12.02"]
[EventType "swiss"]
[EventRounds "10"]
[EventCountry "ESP"]
[SourceTitle "Ajedrez en Madrid"]
[Source "lmi"]
[SourceDate "2016.12.02"]

1. e4 c5 2. Bc4 e6 3. d3 Nc6 4. a4 Nf6 5. Nc3 d5 6. exd5 exd5 7. Ba2 h6 8. Nge2
Nb4 9. Bb1 Bd7 10. O-O Bd6 11. Bf4 Bc6 12. Nb5 Bxf4 13. Nxf4 a6 14. Re1+ Kf8
15. c3 axb5 16. cxb4 Qd6 17. Qc1 cxb4 18. d4 bxa4 19. Bc2 a3 20. Nd3 g6 21.
bxa3 bxa3 22. Re3 Ng4 23. Rg3 h5 24. h3 Nf6 25. Rf3 Nd7 26. Qg5 Rg8 27. Ne5
Nxe5 28. dxe5 Qe7 29. Rf6 Rg7 30. e6 Be8 31. Bxg6 Ra6 32. Qf5 Rxe6 33. Rxe6
Qxe6 34. Qxe6 fxe6 35. Bd3 b5 36. Rxa3 Rb7 37. Ra8 Ke7 38. f4 h4 39. Kf2 b4 40.
Ra2 Bb5 41. Bb1 Bc4 42. Rb2 Kd6 43. g4 hxg3+ 44. Kxg3 Kc5 45. h4 Kd4 46. h5 Kc3
47. Rf2 d4 48. Rc2+ Kb3 49. Rd2 d3 50. Kf3 Kc3 51. Rd1 Kd4 52. h6 Rh7 53. Re1
Rxh6 54. Re4+ Kc3 55. Re1 Rh3+ 56. Kg2 d2 57. Rd1 Re3 0-1

[Event "15. Torneo Aficionados Benidorm s-2000"]
[Site "Benidorm ESP"]
[Date "2016.12.09"]
[Round "9.6"]
[White "Blondel, Jerome"]
[Black "Petit Montes, Marc"]
[Result "1-0"]
[WhiteElo "1963"]
[BlackElo "1882"]
[PlyCount "115"]
[EventDate "2016.12.02"]
[EventType "swiss"]
[EventRounds "10"]
[EventCountry "ESP"]
[SourceTitle "Ajedrez en Madrid"]
[Source "lmi"]
[SourceDate "2016.12.02"]

1. c4 c6 2. Nc3 d5 3. d4 Nf6 4. Nf3 e6 5. e3 Nbd7 6. Bd3 dxc4 7. Bxc4 b5 8. Bd3
a6 9. O-O c5 10. b3 Be7 11. Bb2 Bb7 12. Rc1 O-O 13. Qe2 Rc8 14. Rfd1 Qb6 15.
Bb1 Rfd8 16. e4 cxd4 17. Rxd4 Bc5 18. Rd2 Nf8 19. Rxd8 Rxd8 20. h3 Ng6 21. Rd1
Rxd1+ 22. Nxd1 Qd8 23. e5 Nh5 24. Qd2 Qxd2 25. Nxd2 Nhf4 26. Be4 Bxe4 27. Nxe4
Bd4 28. Bxd4 Ne2+ 29. Kf1 Nxd4 30. Nc5 a5 31. Nd3 Ne7 32. Ke1 Nd5 33. Kd2 b4
34. N1b2 Nc3 35. Nc1 f6 36. exf6 gxf6 37. Kd3 e5 38. f4 Kf7 39. fxe5 fxe5 40.
Nc4 Nc6 41. Nd6+ Ke6 42. Ne4 Nxe4 43. Kxe4 Nd4 44. g4 Nb5 45. Ne2 Nd6+ 46. Ke3
Kd5 47. h4 h6 48. Ng3 e4 49. g5 hxg5 50. hxg5 Ke5 51. g6 Ne8 52. Nxe4 Kf5 53.
Nd6+ Nxd6 54. g7 Ke5 55. g8=Q Nf5+ 56. Kd3 Nd6 57. Qg5+ Ke6 58. Qxa5 1-0

[Event "15. Torneo Aficionados Benidorm s-2000"]
[Site "Benidorm ESP"]
[Date "2016.12.09"]
[Round "9.7"]
[White "Alnami Salaheddin"]
[Black "Ferreno Sanmartin, Angel"]
[Result "1-0"]
[WhiteElo "1954"]
[BlackElo "1759"]
[PlyCount "65"]
[EventDate "2016.12.02"]
[EventType "swiss"]
[EventRounds "10"]
[EventCountry "ESP"]
[SourceTitle "Ajedrez en Madrid"]
[Source "lmi"]
[SourceDate "2016.12.02"]

1. e4 c5 2. Nc3 Nc6 3. f4 e6 4. Nf3 d5 5. Bb5 Nge7 6. d3 a6 7. Bxc6+ Nxc6 8.
O-O d4 9. Ne2 Be7 10. a3 O-O 11. Kh1 f6 12. Qe1 b6 13. g4 Bb7 14. f5 exf5 15.
gxf5 Ne5 16. Nf4 Rf7 17. Ne6 Qb8 18. Bf4 Nxf3 19. Rxf3 Bd6 20. Qh4 Bxf4 21.
Nxf4 h6 22. Rg1 Kh8 23. Qh5 Qg8 24. Rfg3 Rd7 25. Ne6 Qf7 26. Rg6 Rg8 27. R1g4
Re7 28. Rh4 Bc8 29. Nf4 Ra7 30. Rxh6+ gxh6 31. Qxh6+ Qh7 32. Qxf6+ Rgg7 33.
Ng6+ 1-0

[Event "15. Torneo Aficionados Benidorm s-2000"]
[Site "Benidorm ESP"]
[Date "2016.12.09"]
[Round "9.8"]
[White "Folch Zaragoza, Jose"]
[Black "Lozano Osorio, Isaac"]
[Result "0-1"]
[WhiteElo "1958"]
[BlackElo "1999"]
[PlyCount "82"]
[EventDate "2016.12.02"]
[EventType "swiss"]
[EventRounds "10"]
[EventCountry "ESP"]
[SourceTitle "Ajedrez en Madrid"]
[Source "lmi"]
[SourceDate "2016.12.02"]

1. e4 c6 2. Nc3 d5 3. exd5 cxd5 4. d4 Nc6 5. Nf3 Bg4 6. Bb5 e6 7. Qd3 Bd6 8.
O-O Bxf3 9. Qxf3 Qh4 10. h3 Qxd4 11. Ne2 Qf6 12. Qg4 Nge7 13. Bg5 Qf5 14. Qh4
Ng6 15. Qa4 O-O 16. f4 Qe4 17. Bxc6 Bc5+ 18. Kh1 bxc6 19. Qxe4 dxe4 20. f5 exf5
21. Rxf5 Bb6 22. c4 f6 23. c5 fxg5 24. Rxf8+ Rxf8 25. cxb6 axb6 26. Ng3 e3 27.
Re1 Re8 28. Nf5 e2 29. g3 c5 30. Kg2 h5 31. Nd6 Re6 32. Nc4 h4 33. Kf3 hxg3 34.
Kxg3 Nf4 35. Kf3 Nxh3 36. Ne3 Nf4 37. b3 Rxe3+ 38. Kxe3 Ng2+ 39. Kf2 Nxe1 40.
Kxe1 Kf7 41. Kxe2 Ke6 0-1